Restauración de libros / (Record no. 6127)
[ view plain ]
| 000 -LEADER | |
|---|---|
| campo de control de longitud fija | 00934nam a2200289 i 4500 |
| 001 - NÚMERO DE CONTROL | |
| campo de control | 6127 |
| 003 - IDENTIFICADOR DE NÚMERO DE CONTROL | |
| campo de control | ES-MaACL |
| 005 - FECHA Y HORA DE LA ÚLTIMA TRANSACCIÓN | |
| campo de control | 20250825092212.0 |
| 008 - DATOS DE LONGITUD FIJA--INFORMACIÓN GENERAL | |
| campo de control de longitud fija | 890809s1989 sp ||||1| spa d |
| 020 ## - NÚMERO INTERNACIONAL ESTÁNDAR DEL LIBRO | |
| Número Internacional Estándar del Libro | 84-86168-41-4 |
| 020 ## - NÚMERO INTERNACIONAL ESTÁNDAR DEL LIBRO | |
| Número Internacional Estándar del Libro | 84-368-0457-0 |
| 080 ## - NÚMERO DE LA CLASIFICACIÓN DECIMAL UNIVERSAL | |
| Número de la Clasificación Decimal Universal | 025.7 |
| 100 1# - ENTRADA PRINCIPAL--NOMBRE DE PERSONA | |
| Nombre de persona | Ipert, Stéphane. |
| 9 (RLIN) | 65391 |
| 245 10 - MENCIÓN DEL TÍTULO | |
| Título | Restauración de libros / |
| Mención de responsabilidad, etc. | Stéphane Ipert, Michèle Rome-Hyacinthe. |
| 260 ## - PUBLICACIÓN, DISTRIBUCIÓN, ETC. | |
| Lugar de publicación, distribución, etc. | Madrid : |
| Nombre del editor, distribuidor, etc. | Fundación Germán Sánchez Ruipérez : |
| -- | Pirámide, |
| Fecha de publicación, distribución, etc. | 1989. |
| 300 ## - DESCRIPCIÓN FÍSICA | |
| Extensión | 133 p. : |
| Otras características físicas | il. ; |
| Dimensiones | 26 cm. |
| 490 1# - MENCIÓN DE SERIE | |
| Mención de serie | Biblioteca del libro ; |
| Designación de volumen o secuencia | Q |
| 500 ## - NOTA GENERAL | |
| Nota general | Glosario. |
| 500 ## - NOTA GENERAL | |
| Nota general | Bibliografia. |
| 650 #4 - PUNTO DE ACCESO ADICIONAL DE MATERIA--TÉRMINO DE MATERIA | |
| Término de materia o nombre geográfico como elemento de entrada | Libros- |
| Subdivisión general | Restauración |
| 9 (RLIN) | 14437 |
| 700 1# - ENTRADA AGREGADA--NOMBRE PERSONAL | |
| Nombre de persona | Rome-Hyacinthe, Michèle. |
| 9 (RLIN) | 99278 |
| 830 10 - PUNTO DE ACCESO ADICIONAL DE SERIE-TÍTULO UNIFORME | |
| Título uniforme | Biblioteca del libro |
| Designación de volumen o secuencia | Q |
| 9 (RLIN) | 177916 |
| 852 ## - LOCALIZACIÓN | |
| Ubicación | ES-MaACL |
| Número de control de estantería | L-13342 |
| Nota libre | - Enc. cart. |
| 852 ## - LOCALIZACIÓN | |
| Ubicación | ES-MaACL |
| Número de control de estantería | A-15050 |
| itemnumber | 6292 |
| Ubicación en estantería | Depósito 1 |
| Signatura antigua | Olim: 025.85 IPE res |
| 942 ## - ELEMENTOS DE ENTRADA SECUNDARIOS (KOHA) | |
| Fuente del sistema de clasificación o colocación | Clasificación decimal universal |
| Estatus retirado | Estado de pérdida | Fuente del sistema de clasificación o colocación | Estado de daño | No para préstamo | Biblioteca de origen | Biblioteca actual | Ubicación en estantería | Fecha de adquisición | Total de préstamos | Signatura topográfica completa | Código de barras | Visto por última vez | Precio de reemplazo | Tipo de ítem Koha | Fuente de adquisición |
|---|---|---|---|---|---|---|---|---|---|---|---|---|---|---|---|
| Clasificación decimal universal | Biblioteca del Ateneo de Madrid | Biblioteca del Ateneo de Madrid | Depósito 1 | 28/09/2022 | A-15050 | 1203959 | 23/02/2023 | 23/02/2023 | Libro impreso | ||||||
| Biblioteca del Ateneo de Madrid | Biblioteca del Ateneo de Madrid | Depósito 2 | 17/01/2008 | L-13342 | 1006234 | 23/02/2023 | 23/02/2023 | Libro impreso |
